<?xml version="1.0" encoding="UTF-8"?>
<record
    xmlns:xsi="http://www.w3.org/2001/XMLSchema-instance"
    xsi:schemaLocation="http://www.loc.gov/MARC21/slim http://www.loc.gov/standards/marcxml/schema/MARC21slim.xsd"
    xmlns="http://www.loc.gov/MARC21/slim">

  <leader>00911nam a2200229   4500</leader>
  <controlfield tag="001">85200</controlfield>
  <controlfield tag="003">BD-RjUL</controlfield>
  <controlfield tag="005">20250714163237.0</controlfield>
  <controlfield tag="008">250714s1957    pk ||||| |||| 00| 0 urd d</controlfield>
  <datafield tag="035" ind1=" " ind2=" ">
    <subfield code="a">(BD-RjUL)85200</subfield>
  </datafield>
  <datafield tag="040" ind1=" " ind2=" ">
    <subfield code="a">BD-RjUL</subfield>
    <subfield code="b">eng</subfield>
    <subfield code="c">BD-RjUL</subfield>
  </datafield>
  <datafield tag="041" ind1=" " ind2=" ">
    <subfield code="a">urd</subfield>
  </datafield>
  <datafield tag="082" ind1=" " ind2=" ">
    <subfield code="2">23</subfield>
    <subfield code="a">891.4391</subfield>
    <subfield code="b">ANM 1957</subfield>
  </datafield>
  <datafield tag="100" ind1=" " ind2=" ">
    <subfield code="a"> &#x627;&#x646;&#x635;&#x627;&#x631;&#x649;&#x60C; &#x633;&#x62C;&#x651;&#x627;&#x62F; &#x639;&#x644;&#x649;  ;; Ansari, Sajjad Ali</subfield>
    <subfield code="9">16028</subfield>
  </datafield>
  <datafield tag="245" ind1="1" ind2="0">
    <subfield code="a">&#x645;&#x62D;&#x634;&#x631; &#x62E;&#x64A;&#x627;&#x644; / Ma&#x1E25;shar-i k&#x332;h&#x332;ay&#x101;l /</subfield>
    <subfield code="c">&#x627;&#x62B;&#x631; &#x633;&#x62C;&#x651;&#x627;&#x62F; &#x639;&#x644;&#x649; &#x627;&#x646;&#x635;&#x627;&#x631;&#x649;&#x60C; &#x645;&#x631;&#x62A;&#x651;&#x628;&#x6C1; &#x62E;&#x648;&#x627;&#x62C;&#x6C1; &#x645;&#x646;&#x638;&#x648;&#x631; &#x62D;&#x633;&#x649;&#x646;.,., Manz&#x324;&#x16B;r &#x1E24;usain (Editor) / as&#x332;ar-i Sajj&#x101;d &#x2BB;Al&#x12B; An&#x1E63;&#x101;r&#x12B;, murattabah-yi K&#x332;h&#x332;v&#x101;jah Manz&#x324;&#x16B;r &#x1E24;usain, Sajj&#x101;d &#x2BB;Al&#x12B;. An&#x1E63;&#x101;r&#x12B;</subfield>
  </datafield>
  <datafield tag="250" ind1=" " ind2=" ">
    <subfield code="a">3rd.ed.</subfield>
  </datafield>
  <datafield tag="260" ind1=" " ind2=" ">
    <subfield code="a">Lahore :</subfield>
    <subfield code="b">Ayna adab, </subfield>
    <subfield code="c">1957</subfield>
  </datafield>
  <datafield tag="300" ind1=" " ind2=" ">
    <subfield code="a">287 p. ;</subfield>
    <subfield code="c">17 cm</subfield>
  </datafield>
  <datafield tag="650" ind1=" " ind2=" ">
    <subfield code="a">Urdu Poetry</subfield>
  </datafield>
  <datafield tag="700" ind1=" " ind2=" ">
    <subfield code="a"> &#x62D;&#x633;&#x649;&#x646;&#x60C;  &#x62E;&#x648;&#x627;&#x62C;&#x6C1; &#x645;&#x646;&#x638;&#x648;&#x631; ;; Hussain, Khwaja Manzoor</subfield>
    <subfield code="9">16030</subfield>
  </datafield>
  <datafield tag="942" ind1=" " ind2=" ">
    <subfield code="2">ddc</subfield>
    <subfield code="c">BK</subfield>
  </datafield>
  <datafield tag="999" ind1=" " ind2=" ">
    <subfield code="c">85200</subfield>
    <subfield code="d">85200</subfield>
  </datafield>
  <datafield tag="952" ind1=" " ind2=" ">
    <subfield code="0">0</subfield>
    <subfield code="1">0</subfield>
    <subfield code="2">ddc</subfield>
    <subfield code="4">0</subfield>
    <subfield code="7">1</subfield>
    <subfield code="8">NFIC</subfield>
    <subfield code="a">RUCL</subfield>
    <subfield code="b">RUCL</subfield>
    <subfield code="c">Reading</subfield>
    <subfield code="d">1964-03-19</subfield>
    <subfield code="e">Urdu library , Ghoramara, Rajshahi</subfield>
    <subfield code="g">4.00</subfield>
    <subfield code="l">0</subfield>
    <subfield code="o">U 891.4391 ANM 1957</subfield>
    <subfield code="r">2025-07-14 00:00:00</subfield>
    <subfield code="t">C-1</subfield>
    <subfield code="w">2025-07-14</subfield>
    <subfield code="y">BK</subfield>
  </datafield>
</record>
